| 000 | 00347nam a22001457a 4500 | ||
|---|---|---|---|
| 020 | _a978-81899280-4-9 | ||
| 082 |
_a510 _bSHA/M |
||
| 100 | _aSHARMA, R. D | ||
| 245 |
_aMATHEMATICS _bCLASS - VIII |
||
| 250 | _a3 | ||
| 260 |
_aNEW DELHI _bDHANPAT RAI PUBLICATIONS _c2008 |
||
| 300 | _a27.16 | ||
| 650 |
_aVIII - MATHEMATICS _zNEW DELHI |
||
| 942 | _cBK | ||
| 999 |
_c6843 _d6843 |
||